[Event "AUTO-OPEN-3475"]
[Site "http://www.queenalice.com/game.php?id=1356613"]
[Date "2015.4.30"]
[Round "1"]
[White "Magogue"]
[Black "LordBachill"]
[Result "1-0"]
[WhiteElo "1952"]
[BlackElo "1024"]

1. e4 g6 2. d4 e6 3. Nc3 Nc6 4. Nf3 Qf6 5. Bg5 Qg7 6. Bb5 h6 7. Bf4 a6 8. Bxc6
bxc6 9. Bxc7 Ra7 10. Be5 f6 11. Bf4 g5 12. Be3 g4 13. Nd2 Rb7 14. Na4 1-0

[Event "AUTO-OPEN-3475"]
[Site "http://www.queenalice.com/game.php?id=1356633"]
[Date "2015.4.30"]
[Round "1"]
[White "LordBachill"]
[Black "MSchatz"]
[Result "0-1"]
[WhiteElo "1100"]
[BlackElo "1933"]

1. e3 e5 2. Bc4 Nc6 3. Qh5 Qf6 4. Qf3 d6 5. b3 a6 6. a4 g6 7. g4 Qxf3 8. Nxf3
Bxg4 9. Ng5 Nd8 10. Rg1 Be6 11. Nxe6 Nxe6 12. Ba3 Bg7 13. Nc3 Nf6 14. Nd5 Nxd5
15. Bxd5 O-O-O 16. Rg4 c6 17. Bc4 d5 18. Be2 f5 19. Rb4 e4 20. Rb1 Bf8 0-1

[Event "AUTO-OPEN-3475"]
[Site "http://www.queenalice.com/game.php?id=1356634"]
[Date "2015.4.30"]
[Round "1"]
[White "MSchatz"]
[Black "LordBachill"]
[Result "1-0"]
[WhiteElo "1931"]
[BlackElo "1100"]

1. e4 d6 2. d4 Nc6 3. Bb5 a6 4. Ba4 b5 5. Bb3 g6 6. Be3 e6 7. Nf3 Bh6 8. Bxh6
Nxh6 9. Qd2 Ng4 10. O-O Qf6 11. h3 h5 12. hxg4 hxg4 13. Qg5 Qg7 14. Nh4 Rh5 15.
Qxg4 e5 16. Nf5 Qh8 17. f3 gxf5 18. Qg3 f4 19. Qe1 1-0

[Event "Challenge"]
[Site "http://www.queenalice.com/game.php?id=1356990"]
[Date "2015.5.2"]
[Round "-"]
[White "Tartarugus"]
[Black "LordBachill"]
[Result "0-1"]
[WhiteElo "1823"]
[BlackElo "1100"]

1. e3 d6 2. c3 Qd7 3. Nf3 g6 4. g3 Qc6 5. Be2 Bf5 6. Qb3 Be6 7. Bc4 Bxc4 8. Qb4
a5 9. Qa3 Qxf3 10. d3 Bxd3 11. Qa4+ c6 12. Qd1 Qe4 13. Rg1 Bc2 14. Nd2 Qd3 15.
Qe2 Qf5 16. f4 Bd3 17. g4 Bxe2 18. gxf5 Bh5 19. fxg6 fxg6 20. Ne4 Nf6 21. Nxf6+
exf6 22. e4 Nd7 23. Kf2 O-O-O 24. a3 Re8 25. b4 Rxe4 26. Re1 Rxf4+ 27. Kg3 Bh6
28. Bxf4 g5 29. Bxd6 f5 30. h4 f4+ 31. Kg2 f3+ 32. Kf2 Bg7 33. hxg5 Bxc3 34.
Rac1 Bxe1+ 35. Rxe1 Rd8 36. Bf4 a4 37. Rd1 Rf8 38. Be3 b5 39. Kg3 f2 40. Bxf2
Bxd1 41. Bc5 Nxc5 42. bxc5 Rg8 43. Kf4 h5 44. Kf5 h4 45. Kf6 h3 46. g6 Bb3 47.
g7 h2 0-1

[Event "Challenge"]
[Site "http://www.queenalice.com/game.php?id=1359305"]
[Date "2015.5.13"]
[Round "-"]
[White "Jard1987"]
[Black "LordBachill"]
[Result "1-0"]
[WhiteElo "1140"]
[BlackElo "1100"]

1. e4 e6 2. d4 Qh4 3. Nc3 b6 4. g3 Qf6 5. Bg2 e5 6. f4 exd4 7. e5 Qe6 8. Bxa8
dxc3 9. Bd5 Qh6 10. f5 g5 11. bxc3 c6 12. Be4 d5 13. exd6 Bg7 14. Bb2 Nf6 15.
Qe2 O-O 16. O-O-O g4+ 17. Kb1 Ba6 18. Qe1 Re8 19. Bc1 Qh5 20. Rd3 1-0

[Event "AUTO-OPEN-3485"]
[Site "http://www.queenalice.com/game.php?id=1360695"]
[Date "2015.5.20"]
[Round "1"]
[White "NatanEstivallet"]
[Black "LordBachill"]
[Result "1-0"]
[WhiteElo "2077"]
[BlackElo "1100"]

1. e4 Nf6 2. Nc3 e5 3. d4 d5 4. dxe5 Nfd7 5. Qxd5 Nb6 6. Qxd8+ Kxd8 7. Bg5+ Ke8
8. O-O-O Be7 9. Be3 N6d7 10. f4 Rf8 11. Nf3 f5 12. exf5 Rxf5 13. g4 Rf8 14. Bh3
c6 15. Nd4 Rf6 16. exf6 Bxf6 17. Nf5 Kd8 18. g5 Bxc3 19. bxc3 a5 20. Nd6 Na6 21.
Nxc8 Rxc8 22. Bb6+ Nc7 23. Rxd7+ Ke8 24. Re1+ Kf8 25. Bxc7 1-0

[Event "AUTO-OPEN-3485"]
[Site "http://www.queenalice.com/game.php?id=1360696"]
[Date "2015.5.20"]
[Round "1"]
[White "LordBachill"]
[Black "NatanEstivallet"]
[Result "0-1"]
[WhiteElo "1100"]
[BlackElo "2075"]

1. b3 e5 2. e4 Nf6 3. Nc3 Bc5 4. Nf3 Nc6 5. h4 d6 6. g3 Ng4 7. Qe2 Nxf2 8. Rh2
Ng4 9. Nd5 Nxh2 10. Nxh2 Nd4 11. Qh5 c6 12. Nc3 Nxc2+ 13. Kd1 Nxa1 14. Bb2 Nxb3
15. axb3 Qf6 16. Qf5 Bxf5 17. exf5 Qxf5 18. g4 Qf2 19. Ne2 O-O 20. g5 Qxh2 21.
Ke1 Qf2+ 22. Kd1 Qxf1+ 23. Kc2 Qxe2 0-1

[Event "AUTO-OPEN-3485"]
[Site "http://www.queenalice.com/game.php?id=1360723"]
[Date "2015.5.20"]
[Round "1"]
[White "roqqk"]
[Black "LordBachill"]
[Result "1-0"]
[WhiteElo "1728"]
[BlackElo "1100"]

1. e4 e6 2. e5 f5 3. d4 Nc6 4. Nf3 b6 5. Nc3 a5 6. a3 g6 7. Qd3 Ba6 8. Qd2 Bh6
9. Qd1 d6 10. exd6 cxd6 11. Nb5 Bxc1 12. Qxc1 e5 13. d5 Nd4 14. Nfxd4 exd4 15.
c3 Qe7+ 16. Kd1 Qd7 17. a4 Qg7 18. cxd4 Bxb5 19. axb5 Qxd4+ 20. Ke1 Nf6 21. Qc6+
Nd7 22. Qxa8+ Ke7 23. Qc6 Rc8 24. Qxc8 Qxb2 25. Rc1 Qb4+ 26. Rc3 Qe4+ 27. Re3
1-0

[Event "AUTO-OPEN-3485"]
[Site "http://www.queenalice.com/game.php?id=1360724"]
[Date "2015.5.20"]
[Round "1"]
[White "LordBachill"]
[Black "roqqk"]
[Result "0-1"]
[WhiteElo "1100"]
[BlackElo "1726"]

1. b3 d5 2. d4 Nc6 3. Nf3 h6 4. Nc3 Bf5 5. h4 Nf6 6. g3 a6 7. a4 Nb4 8. Kd2 Ne4+
9. Ke1 Nxc3 10. Qd2 Nxc2+ 11. Qxc2 Bxc2 12. Bh3 Be4 13. Rf1 e6 14. Ba3 Bxf3 15.
exf3 Bxa3 16. Rxa3 Qf6 17. b4 Qxd4 18. Ra1 Qe5+ 19. Kd2 d4 20. Rfe1 Qd5 21. Bg2
O-O-O 22. Rg1 Qc4 23. b5 Qe2+ 24. Kc1 Na2+ 25. Kb1 Qxf2 26. a5 Qxg1+ 27. Kxa2
Qxg2+ 28. Ka3 Qxf3+ 0-1